Sports Quiz

Random Sports or Century Quiz
Score 0/25 Timer 07:00
0 Plays Today
Years Circuit % Correct
2000-2009Silverstone
84%
2000-2010Autodromo Nazionale Monza
79.5%
2000-2006, 2008, 2010Hockenheimring
73.4%
2000-2007, 2009Nürburgring
72.1%
2000-2010Circuit de Monaco
67.6%
2000-2010Albert Park
65.4%
2000-2006, 2009-2010Suzuka
64.6%
2000-2010Circuit de Catalunya
63%
2008-2010Valencia Street Circuit
61%
2000-2010Autodromo Jose Carlos Pace
59.8%
2000-2010Sepang International Circuit
59.5%
2000-2006Autodromo Enzo e Dino Ferrari
58.5%
2000-2010Hungaroring
56.9%
Years Circuit % Correct
2004-2010Shanghai International Circuit
56.9%
2000-2007Indianapolis Motor Speedway
56.2%
2000-2002, 2004-2005, 2007-2010Circuit de Spa-Francorchamps
54.5%
2000-2008Circuit de Nevers
53.9%
2005-2010Istanbul Park
50%
2009-2010Yas Marina
49.7%
2000-2008, 2010Circuit Gilles Villeneuve
48.4%
2004-2010Bahrain International Circuit
46.6%
2007-2008Fuji Speedway
45.9%
2000-2003A1-Ring
41.9%
2008-2010Marina Bay Street Circuit
39.7%
2010Korean International Circuit
11%

You're not logged in!

Compare scores with friends on all Sporcle quizzes.
OR
Log In

Sporcle TV

Today on Sporcle TV


Watch our educational content, quiz creation guides, and fun videos on Sporcle TV.

Show Comments

Extras

Top Quizzes Today


Score Distribution

Paid Content

Your Account Isn't Verified!

In order to create a playlist on Sporcle, you need to verify the email address you used during registration. Go to your Sporcle Settings to finish the process.

Report this User

Report this user for behavior that violates our Community Guidelines.

Details: